ARRUPE JESUIT UNIVERSITY

CORONAVIRUS -STOP THE SPREAD - CLEAN,DISINFECT,COVER

Introduction to topology and modern analysis. (Record no. 121610)

MARC details
000 -LEADER
fixed length control field 00903cam a22003011 4500
001 - CONTROL NUMBER
control field 1558165
003 - CONTROL NUMBER IDENTIFIER
control field ARRUPE
005 - DATE AND TIME OF LATEST TRANSACTION
control field 20150113124525.0
008 - FIXED-LENGTH DATA ELEMENTS--GENERAL INFORMATION
fixed length control field 721219s1963 nyua b 000 0 eng
010 ## - LIBRARY OF CONGRESS CONTROL NUMBER
LC control number 62015149 /L
015 ## - NATIONAL BIBLIOGRAPHY NUMBER
National bibliography number GB63-8492
035 ## - SYSTEM CONTROL NUMBER
System control number (OCoLC)ocm00528825
035 ## - SYSTEM CONTROL NUMBER
System control number (NNC)1558165
040 ## - CATALOGING SOURCE
Original cataloging agency DLC
Transcribing agency DLC
Modifying agency UKM
-- ZCU
050 0# - LIBRARY OF CONGRESS CALL NUMBER
Classification number QA611
Item number .S49
082 ## - DEWEY DECIMAL CLASSIFICATION NUMBER
Classification number 513.83
300 ## - PHYSICAL DESCRIPTION
Other physical details illus.
Dimensions 24 cm.
100 1# - MAIN ENTRY--PERSONAL NAME
Personal name Simmons, George Finlay,
Dates associated with a name 1925-
9 (RLIN) 13786
245 00 - TITLE STATEMENT
Title Introduction to topology and modern analysis.
260 ## - PUBLICATION, DISTRIBUTION, ETC. (IMPRINT)
Place of publication, distribution, etc New York,
Name of publisher, distributor, etc McGraw-Hill
Date of publication, distribution, etc [1963]
300 ## - PHYSICAL DESCRIPTION
Extent 372 p.
490 1# - SERIES STATEMENT
Series statement International series in pure and applied mathematics
504 ## - BIBLIOGRAPHY, ETC. NOTE
Bibliography, etc Includes bibliography.
650 #0 - SUBJECT ADDED ENTRY--TOPICAL TERM
Topical term or geographic name as entry element Topology.
9 (RLIN) 13787
650 #0 - SUBJECT ADDED ENTRY--TOPICAL TERM
Topical term or geographic name as entry element Mathematical analysis.
9 (RLIN) 13788
830 #0 - SERIES ADDED ENTRY--UNIFORM TITLE
Uniform title International series in pure and applied mathematics.
9 (RLIN) 13789
942 ## - ADDED ENTRY ELEMENTS (KOHA)
Source of classification or shelving scheme Library of Congress Classification
Koha item type Monograph ( Printed materials)
Holdings
Withdrawn status Lost status Source of classification or shelving scheme Damaged status Not for loan Collection code Home library Current library Shelving location Date acquired Total Checkouts Full call number Barcode Date last seen Price effective from Koha item type
    Library of Congress Classification     Main Collection ARRUPE LIBRARY ARRUPE LIBRARY Main Collection 13/01/2015   QA611 .S49 46500003348 02/07/2019 13/01/2015 Monograph ( Printed materials)

 

Arrupe Library. PO Box MP320 Mt Pleasant, Harare, Zimbabwe
263 242 745411|librarian@aju.ac.zw